Az édesanya és a gyermek szolgálata katolikus szülésznők, anya- és csecsemővédőnők könyve /

Elmentve itt :
Bibliográfiai részletek
Szerző: Szenthelyi-Molnár István
További közreműködők: Berecz János
Dokumentumtípus: Könyv
Megjelent: Árpád Nyomda Szeged 1938
Kulcsszavak:Szülészet - Magyarország, Védőnő, Gyermeknevelés - családi, Családi erkölcs - katolikus
Tárgyszavak:
Online Access:http://misc.bibl.u-szeged.hu/76125
LEADER 00814nam a2200193 i 4500
001 misc76125
005 20260318101605.0
008 260313s1938 hu o 000 hun d
040 |a SZTE Miscellanea Repozitórium  |b hun 
041 |a hun 
100 2 |a Szenthelyi-Molnár István 
245 1 3 |a Az édesanya és a gyermek szolgálata   |h [elektronikus dokumentum] :  |b katolikus szülésznők, anya- és csecsemővédőnők könyve /  |c  Szenthelyi-Molnár István 
260 |a Árpád Nyomda  |b Szeged  |c 1938 
300 |a 74  |c 17 cm 
650 4 |a Orvos- és egészségtudomány 
650 4 |a Egészségtudományok 
695 |a Szülészet - Magyarország, Védőnő, Gyermeknevelés - családi, Családi erkölcs - katolikus 
700 0 1 |a Berecz János 
856 4 0 |u http://misc.bibl.u-szeged.hu/76125/1/XA_124246.pdf  |z Dokumentum-elérés